000 00554nam a2200193Ia 4500
003 GCL
008 140319s9999 xx 000 0 eng d
040 _aGCL /
_cGCL
082 0 4 _a809.8903
_bH I
100 1 _aHUNT, PETER
245 1 0 _aINTERNATIONAL COMPANION ENCYCLOPEDIA OF CHILDERN'S LITERATURE. /
_cHUNT, PETER
700 1 _aRAY, SHEILA.
260 _a[S.N] :
_bROUTLEDGE ،
_c1996
300 _a923 P
650 0 4 _aLITERATURE
650 0 4 _aCHILDREN'S LITERATURE - ENCYCLOPEDIA
650 0 4 _aCHILDREN'S LITERATURE - HISTORY
942 _2ddc
_cBK
999 _c13044
_d13044